MDQL
is popping MORE tags! Check the
thread
!
Quizzes
Events
Quiz Creation
Community
Videos
Private Events
Remove Ads
Sign In
Join for FREE
Feedback
Dark Mode
Quiz Categories
Sports
Geography
Music
Movies
Television
Just For Fun
Miscellaneous
History
Literature
Language
Science
Gaming
Entertainment
Religion
Holiday
For Kids
Quiz Lab
Recent
Popular Today
Quiz Kudos Today
Editor Picks
Curator Picks
Quizzes by...
Day
Popularity
Type
Ratings
Length
Year
Community
Subscriptions
Recent Discussions
Orange Saloon
Badges
Playlists
Quests
Create
Leaderboards
Showdown
Live 5
Trivia Bingo
Activity
Puzzle Library
Sporcle Events
Private Events
Virtual Trivia
Globe League
Become a Host
Pub Owners
SporcleCon
Opinionation
Our Games
Videos
Blog
Mobile Apps
Partnerships
Remove Ads and Go Orange
Feedback
Entertainment
Celebrity
Famous
Musical
Broadway
Show
Quote
Comic Books
Anime
Superhero
DC Comics
Marvel
Cartoons
Animation
Entertainment
Celebrity
Famous
Musical
Broadway
Show
Quote
Comic Books
Anime
Superhero
DC Comics
Marvel
Cartoons
Animation
Random Quiz
Search Sporcle
×
Quiz Lab
Quiz Lab
Entertainment
classic
Type in answers that appear in a list
Type in answers that appear in a list
Classic
Best Score? Go Orange.
Comedy Quiz Stats
Can you name the classic comedians?
By
Disney_Eyeworks
6m
13 Questions
60 Plays
60 Plays
60 Plays
Comments
Comments
Give Quiz Kudos
Give Quiz Kudos
-
- Ratings
hide this ad
Replay
Link that replays current quiz
Next Quiz
Link to next quiz in quiz playlist
You Got
0%
They Got
Avg Score
72%
Avg Friend Score
Upgrade to see
Score Distribution
Jump to the score distribution portion of the page
Score
0/13
Timer
06:00
0
Plays Today
Hint
Comedians
% Correct
'Who's on First' Duo
Abbott and Costello
88.3%
Dean Martin's Partner
Jerry Lewis
86.7%
Slapstick Trio
The Three Stooges
83.3%
The Original Tramp
Charlie Chaplin
83.3%
Bing Crosby's 'Road' Partner
Bob Hope
78.3%
'You Bet Your Life' Host
Groucho Marx
76.7%
Stars in 'I Love Lucy'
Lucille Ball
76.7%
Husband and Wife Duo
Burns and Allen
71.7%
Engineer of 'The General'
Buster Keaton
65%
Spent a 'Night at the Opera'
The Marx Brothers
63.3%
'Sons of the Desert' Duo
Laurel and Hardy
58.3%
Alias 'Freddy the Freeloader'
Red Skelton
55%
Stars in 'The Bank Dick'
WC Fields
51.7%
Quiz Playlist
Details
Report
Send in Message
Add To Playlist
Classic:
Type in answers that appear in a list
Last Updated: Feb 16, 2017
Quiz Scoreboard
CHALLENGE
Sign Up to Join the Scoreboard
Show All
Scores
Hide
Comments
May contain spoilers
Recently Published
Find the 'City' Movie
by crazypaving
Movies
60s
5x2 Blitz: Bands
by SL_Kpop136
Music
30s
Colored Red Africa Blitz
by spor1
Geography
30s
More to Explore
Quiz From the Vault
Featured Blog Post
14 Easter Pick-up Lines to Find Eggs With
hide this ad
You Might Also Like...
Tags
classic
Comedian
Today's Top Quizzes in Entertainment
Browse Entertainment
hide this ad
Today's Top Quizzes in classic
Browse classic
Top Contributed Quizzes in Entertainment
1
Marvel Classic Character Map
2
Dragon Ball Z: Goku's Fights in Order
3
Marvel Characters Bunker
4
JoJo's Bizarre Logic Quiz
5
Celebrity Spelling Bee
6
BOYS PLANET Quiz
7
This is Your Life: Edward Elric
8
This is Your Life: Itachi Uchiha
9
Survivor Winners Logic Quiz
10
One Piece Heroines Chapter Cover
Explore More
Trending Topics
Marvel
Harry Potter
Kpop
Crossword
Anime
Disney
NBA
The Office
Song
Pokémon
Country
Soccer
WWE
Puzzle
NFL
hide this ad
More By:
Disney_Eyeworks
Quiz
Plays
Rating
Category
Featured
Created
The Disney Dictionary
131,561
4.07
Movies
Apr 3, 2012
Disney Songs by Antonym
27,619
3.63
Movies
Mar 24, 2012
Grumpy visits Walt Disney World
11,485
4.73
Entertainment
Jun 23, 2011
Highest Grossing Disney Films
10,860
4.18
Movies
Aug 13, 2011
Walt Disney Word Ladder
3,894
4.10
Just For Fun
May 19, 2011
Go to Creator's Profile
Score Distribution
Quiz Creator Spotlight
Disney_Eyeworks
Follow
Send a Message
Quizzes Created
-
Created Quiz Play Count
-
More By This Creator
Popular Quizzes Today
1
Colored Red Africa Blitz
2
Find the 'City' Movie
3
Find the US States - No Outlines Minefield
4
5x2 Blitz: Bands
5
The Countries of the World
6
Find the US States
7
Find the Countries of Europe - No Outlines Minefield
8
US States
More Entertainment Quizzes
The 3rd thing you need to know: Awards
Curator's Pick
Trending Quizzes
Colored Red Europe Blitz I
Colored Red Europe Blitz II
Colored Red Africa Blitz II
Colored Red Europe Blitz III
Colored Red Africa Blitz III
Recently Updated
How Do You Spell That?
pecheneg
Godzilla Movies
pecheneg
Grab Bag: 4-10 Letters
pecheneg
2024 March Madness Bracket
pecheneg
Famous TV Couples
Peacemaker
Champions League XIs: Real Madrid
pecheneg
Largest US Cities 1790-2010
pecheneg
Rides in Walt Disney World
pecheneg
Most Oscar Losses (Acting)
pecheneg
Beyoncé Albums
pecheneg
Trending Topics
Marvel
Kpop
Crossword
Anime
NBA
Disney
Harry Potter
NFL
Song
WWE
Soccer
Puzzle
Country
The Office
Pokémon
Your Account Isn't Verified!
In order to create a playlist on Sporcle, you need to verify the email address you used during registration. Go to your
Sporcle Settings
to finish the process.
Report this User
Report this user for behavior that violates our
Community Guidelines
.
Details:
Send Report
Go to the Sporcle.com Mobile Site →
Comments